| 000 | 01232nab a22002417a 4500 | ||
|---|---|---|---|
| 999 |
_c5639 _d5639 |
||
| 003 | OSt | ||
| 005 | 20251226212011.0 | ||
| 008 | 190603e xxum|||| |||| 00| 0 spa d | ||
| 040 | _cPJ | ||
| 100 |
_95441 _aNegri, Nicolás Jorge |
||
| 245 | 1 | 0 |
_aContratación electrónica. A propósito del servicio de telefonía móvil / _cNicolás J. Negri. |
| 260 |
_cCiudad Autónoma de Buenos Aires : _aThomson Reuters La Ley, _b2025. |
||
| 300 | _ap. 21-38 | ||
| 500 | _aCita: TR LALEY AR/DOC/1053/2025 Publicado en: RCCyC 2025 (junio) , 21. | ||
| 505 | _aSumario: I. Preludio.— II. El fin declamado y los motivos subyacentes.— III. Variaciones del tema: la especificidad del contrato electrónico de telefonía celular.— IV. El contrato de servicio de telefonía móvil.— V. Conclusión. | ||
| 505 | _t¿Te interesa el texto completo? Solicitalo al correo: koha@justierradelfuego.gov.ar | ||
| 650 | 0 |
_91497 _aCODIGO CIVIL Y COMERCIAL |
|
| 650 | 0 |
_9286 _aCOMERCIO ELECTRONICO |
|
| 650 | 0 |
_94552 _aRELACION DE CONSUMO |
|
| 650 | 0 |
_91606 _aCONTRATO DE ADHESION |
|
| 773 | 0 |
_02713 _93170 _dCiudad Autónoma de Buenos Aires : Thomson Reuters La Ley, 2015- _tRevista Código Civil y Comercial. Nº 3 - Junio 2025 |
|
| 942 |
_2udc _cANA |
||